000 00686nam a22002172 4500
001 0000000701
005 20151217151754.0
008 070215s xx 000 0 eng d
020 _a1844740358 :
_cKES 890
040 _aKABU
_cKABU
050 0 _aBS455
_b.D49
100 1 _aDewey, David.
_@0000149004
245 1 0 _aWhich Bible? :
_ba guide to English translations /
_cDavid Dewey.
260 _aLeicester :
_bInter Varsity Press,
_c2004.
300 _axxii, 218 p. ;
_c22 cm.
504 _aIncludes bibliography (p. [210]-215) and index.
650 0 _aBible
_xVersions, English.
_@0000149005
908 _a070215
950 _@1
999 _c4863
_d4863